| 000 | 00400nam a22001457a 4500 | ||
|---|---|---|---|
| 082 | _aP-409 | ||
| 100 |
_aZaheer Abbas Lali _948103 |
||
| 245 |
_aFlow modeling of ghazi barotha power channel using hec-ras 4.0 _cZaheer Abbas Lali, Moeen Ud Din |
||
| 260 |
_aMCE _c2009 |
||
| 300 | _a148 p. | ||
| 526 |
_a0 _b0 _c0 _dP_409 |
||
| 650 | _aProject | ||
| 700 |
_aDr Sajjad Haider _916307 |
||
| 942 |
_2ddc _cBK |
||
| 999 |
_c551140 _d551140 |
||